Responses for Show #1019 - Thursday, January 26, 1989

Brian Wangsgard game 5.

Contestants

[<< previous game]

Darbi Henderson, a medical technician from Los Angeles, California

Mitch Dorfman, a writer and businessman originally from New York City, New York

Brian Wangsgard, a senior marketing representative from Redlands, California (whose 4-day cash winnings total $49,598)

[next game >>]

Jeopardy! Round responses

BIOGRAPHIES
SOFTBALL
DANCERS
BUSINESS BIGGIES
COLLEGES & UNIVERSITIES
HALL & OATES
    $100 3
Ian Fleming

Mitch
    $100 1
Minneapolis

Brian
    $100 9
Fred Astaire

Brian
    $100 10
Hershey's

Brian
    $100 11
West Point

Brian
    $100 24
Daryl & John

Triple Stumper
    $200 4
Erle Stanley Gardner

Mitch
    $200 2
(Darbi: What are slow pitch and overhand?)

slow pitch & fast pitch

MitchDarbi
    $200 18
(James) Cagney

Brian
    $200 12
Visa

Brian
    $200 13
University of Texas

Mitch
    $200 27
"Private Eyes"

Triple Stumper
    $300 5
(Mitch: Who is Ziegfeld?)

P.T. Barnum

BrianMitch
    $300 7
(William Randolph) Hearst

Mitch
    $300 21
Flashdance

Mitch
    $300 17
Spanish

Darbi
    $300 14
Notre Dame

Mitch
    $300 28
(Alex: Do any of you remember Hall & Oates?)
[The end-of-round signal sounds.]

Opportunity

Triple Stumper
    $400 6
(Mitch: Who is George M. Cohan?)

Jimmy Carter

Mitch
Triple Stumper
    $400 19
catcher & first base

Brian
    $400 22
...
(Neither Mitch nor Alex gave the title its "A".)

(A) Chorus Line

Mitch
    $500 25
(Darbi: What is California?)

Delaware

Darbi
    $400 15
Stanford

Mitch
    $500 8
Prince (Duke of Windsor) Edward & Mrs. Simpson

Darbi
    $500 20
pitcher's mound

Mitch
    $500 23
South Africa

Darbi
    $500 26
Stolichnaya

Darbi
    $500 16
Swarthmore

Brian

Scores at the first commercial break (after clue 13):

Brian Mitch Darbi
$900 $300 $300

Scores at the end of the Jeopardy! Round:

Brian Mitch Darbi
$2,000 $2,200 $1,100

Double Jeopardy! Round responses

WORD ORIGINS
WEATHER
OPERA
U.S. HISTORY
TRANSPORTATION IN FILMS
ALL NUMBERS
    $200 14
slalom

Mitch
    $200 3
hay fever

Brian
    $200 1
tenor

Darbi
    $200 4
1876

Brian
    $200 23
[ERRATUM: "Millennium" was misspelled in the clue as shown.]

Han Solo

Darbi
    $200 9
2

Mitch
    $400 15
Rosicrucians

Brian
    $400 19
(Darbi: What are tornadoes?)

waterspouts

BrianDarbi
    $400 2
...
(Mitch: Let's get out of that.)

Jenny Lind

Mitch
    $400 5
Continental Congress

Brian
    $400 24
Turkey

Mitch
    $400 10
zip

Brian
    $600 16
doily

Mitch
    $600 20
hailstones

Mitch
    $600 6
Lord Cornwallis

Brian
    $600 25
U-boat

Mitch
    $600 11
(Darbi: What is 1?)

5

BrianDarbi
    $1,600 17
pachyderm

Mitch
    $800 21
(Darbi: What are lights in the sky?)

mirage

Darbi
Triple Stumper
    $800 7
Federalists

Mitch
    $800 26
space shuttle

Mitch
    $800 12
12

Triple Stumper
    $1000 18
(Mitch: What is a potion?)

punch

Mitch
Triple Stumper
    $400 22
(Mitch: What is a comet coming by?)

Greenhouse Effect

Mitch
    $1000 8
Horace Mann

Brian
    $1000 27
[The end-of-round signal sounds.]

bus

Brian
    $1000 13
3

Mitch

Scores at the end of the Double Jeopardy! Round:

Brian Mitch Darbi
$7,200 $8,000 -$300

[wagering suggestions for these scores]

Final Jeopardy! Round responses

U.S. STATES
BrianWhat is Louisiana?
$5,600
MitchWhat is Rhod Is
$6,401
Louisiana

Final scores:

Brian Mitch Darbi
$12,800 $1,599 -$300
5-day champion: $62,398 2nd place: a trip to Atlanta 3rd place: Maytag washer & dryer

Game dynamics:

Coryat scores:

Brian Mitch Darbi
$7,200 $7,600 $200
19 R,
0 W
21 R
(including 1 DD),
4 W
(including 1 DD)
6 R,
5 W
(including 1 DD)

Combined Coryat: $15,000

[game clues] [game scores] [suggest correction]

Game tape date: 1988-10-31
The J! Archive is created by fans, for fans. Scraping, republication, monetization, and malicious use prohibited; this site may use cookies and collect identifying information. See terms. The Jeopardy! game show and all elements thereof, including but not limited to copyright and trademark thereto, are the property of Jeopardy Productions, Inc. and are protected under law. This website is not affiliated with, sponsored by, or operated by Jeopardy Productions, Inc. Join the discussion at JBoard.tv.